Mind the gap! Automated concept map feedback supports students in writing cohesive explanations. (Record no. 347481)
[ view plain ]
| 000 -LEADER | |
|---|---|
| fixed length control field | 00581nam a2200133Ia 4500 |
| 008 - FIXED-LENGTH DATA ELEMENTS--GENERAL INFORMATION | |
| fixed length control field | 171207s9999 xx 000 0 und d |
| 100 ## - MAIN ENTRY--PERSONAL NAME | |
| Personal name | Lachner, Andreas |
| 245 ## - TITLE STATEMENT | |
| Title | Mind the gap! Automated concept map feedback supports students in writing cohesive explanations. |
| 245 ## - TITLE STATEMENT | |
| Statement of responsibility, etc | Lachner, Andreas; Burkhart, Christian; Nückles, Matthias. http://dx.doi.org/10.1037/xap0000111 |
| 260 ## - PUBLICATION, DISTRIBUTION, ETC. (IMPRINT) | |
| Date of publication, distribution, etc | 2017 |
| 300 ## - PHYSICAL DESCRIPTION | |
| Extent | pages 29-46, March 2017 |
| 440 ## - SERIES STATEMENT/ADDED ENTRY--TITLE | |
| Title | Journal of Experimental Psychology: Applied |
| Volume number/sequential designation | 23:1 |
| 650 ## - SUBJECT ADDED ENTRY--TOPICAL TERM | |
| Topical term or geographic name as entry element | INSTRUCTIONAL APPLICATIONS, WRITING, COHESION, FEEDBACK, CONCEPT MAPS |
| Withdrawn status | Lost status | Damaged status | Home library | Current library | Date acquired | Total Checkouts | Date last seen | Price effective from | Koha item type |
|---|---|---|---|---|---|---|---|---|---|
| College Library | College Library | 12/07/2017 | 12/07/2017 | 12/07/2017 | Periodicals |